<?xml version="1.0" encoding="UTF-8"?><?xml-stylesheet type="text/xsl" href="static/style.xsl"?><OAI-PMH xmlns="http://www.openarchives.org/OAI/2.0/" xmlns:xsi="http://www.w3.org/2001/XMLSchema-instance" xsi:schemaLocation="http://www.openarchives.org/OAI/2.0/ http://www.openarchives.org/OAI/2.0/OAI-PMH.xsd"><responseDate>2026-04-17T11:49:34Z</responseDate><request verb="GetRecord" identifier="oai:www.recercat.cat:10230/41714" metadataPrefix="marc">https://recercat.cat/oai/request</request><GetRecord><record><header><identifier>oai:recercat.cat:10230/41714</identifier><datestamp>2025-12-13T21:23:08Z</datestamp><setSpec>com_2072_6</setSpec><setSpec>col_2072_452952</setSpec></header><metadata><record xmlns="http://www.loc.gov/MARC21/slim" xmlns:dcterms="http://purl.org/dc/terms/" xmlns:xsi="http://www.w3.org/2001/XMLSchema-instance" xmlns:doc="http://www.lyncode.com/xoai" xsi:schemaLocation="http://www.loc.gov/MARC21/slim http://www.loc.gov/standards/marcxml/schema/MARC21slim.xsd">
   <leader>00925njm 22002777a 4500</leader>
   <datafield ind2=" " ind1=" " tag="042">
      <subfield code="a">dc</subfield>
   </datafield>
   <datafield ind2=" " ind1=" " tag="720">
      <subfield code="a">Caro Repetto, Rafael</subfield>
      <subfield code="e">author</subfield>
   </datafield>
   <datafield ind2=" " ind1=" " tag="720">
      <subfield code="a">Serra, Xavier</subfield>
      <subfield code="e">author</subfield>
   </datafield>
   <datafield ind2=" " ind1=" " tag="260">
      <subfield code="c">2019-06-06T08:27:30Z</subfield>
   </datafield>
   <datafield ind2=" " ind1=" " tag="260">
      <subfield code="c">2019-06-06T08:27:30Z</subfield>
   </datafield>
   <datafield ind2=" " ind1=" " tag="260">
      <subfield code="c">2016</subfield>
   </datafield>
   <datafield ind2=" " ind1=" " tag="520">
      <subfield code="a">Comunicació presentada a: Fourth International Conference On Analytical Approaches To World Music celebrat del 8 a l&amp;apos;11 de juny de 2016 a Nova York, Estats Units.</subfield>
   </datafield>
   <datafield ind2=" " ind1=" " tag="520">
      <subfield code="a">Music in jingju (also known as Peking or Beijing opera) is predefined by tradition. Before the appearance of jingju music composers, actors used to “arrange melodies” (bianqu) for new lyrics according to melodic systems called shengqiang. Each shengqiang consists in a distinctive melodic framework which is transformed rhythmically into predefined metrical patterns called banshi to convey different emotions. If this is common knowledge in musicological literature and among performers, an analysis of how this melodic material is transformed is still to be undertaken. In this paper we present a preliminary approach to this topic, by implementing a computer aided comparative analysis. To this aim, we focus on three banshi in the xipi shengqiang as sang by the dan role-type, namely yuanban, which is considered to convey the “original” melody, manban, obtained by stretching yuanban, and kuaiban, a compression of yuanban. In order to ensure representativeness, we have gathered those arias quoted as example in several jingju music textbooks to build our dataset. We obtain a representation of the underlying melodic structure by comparing yuanban arias, search for trends in its transformation processes towards manban and kuaiban, and complement these results with statistical information computed from scores using the Music21 toolkit.</subfield>
   </datafield>
   <datafield tag="653" ind2=" " ind1=" ">
      <subfield code="a">Banshi</subfield>
   </datafield>
   <datafield tag="653" ind2=" " ind1=" ">
      <subfield code="a">Comparative analysis</subfield>
   </datafield>
   <datafield tag="653" ind2=" " ind1=" ">
      <subfield code="a">Computer aided musicology</subfield>
   </datafield>
   <datafield tag="653" ind2=" " ind1=" ">
      <subfield code="a">Jingju</subfield>
   </datafield>
   <datafield tag="653" ind2=" " ind1=" ">
      <subfield code="a">Musicology</subfield>
   </datafield>
   <datafield ind2="0" ind1="0" tag="245">
      <subfield code="a">Melodic transformation processes in the arrangements of Jingju Banshi</subfield>
   </datafield>
</record></metadata></record></GetRecord></OAI-PMH>